[Event "San Jose subzonal (Women) 2.3.c"]
[Site "San Jose"]
[Date "2018.03.27"]
[Round "5"]
[White "Mencos Castillo, Maria E"]
[Black "Figueroa Gonzalez, Karen Luvia"]
[Result "1/2-1/2"]
[WhiteElo "1879"]
[BlackElo "1729"]
[PlyCount "54"]
[EventDate "2018.03.25"]
[EventType "swiss"]
[EventRounds "9"]
[EventCountry "CRI"]
[SourceTitle "EXT 2019"]
[Source "ChessBase"]
[SourceDate "2018.10.10"]
[SourceVersion "1"]
[SourceVersionDate "2018.10.10"]
[SourceQuality "1"]

1. e4 c5 2. Nc3 e6 3. g3 Nc6 4. Bg2 Nf6 5. f4 d5 6. e5 Nd7 7. Nf3 a6 8. a4 Be7 9. 0-0 f5 10. Kh1 0-0 11. d4 Nxd4 12. Nxd4 cxd4 13. Qxd4 Qb6 14. Qxb6 Nxb6 15. a5 Nd7 16. Be3 Bc5 17. Bxc5 Nxc5 18. Na4 Nxa4 19. Rxa4 Bd7 20. Rb4 Bb5 21. Re1 Rab8 22. Bf1 Bxf1 23. Rxf1 Rfc8 24. Rc1 Rc6 25. c4 Rc5 26. Ra4 Rbc8 27. b3 Kf7 1/2-1/2

[Event "Central America-ch U18 Girls 4th"]
[Site "Armenia"]
[Date "2013.11.05"]
[Round "2"]
[White "Salcedo, Jackeline"]
[Black "Figueroa Gonzalez, Karen Luvia"]
[Result "1-0"]
[WhiteElo "1969"]
[BlackElo "1766"]
[PlyCount "121"]
[EventDate "2013.11.05"]
[EventType "swiss"]
[EventRounds "6"]
[EventCountry "COL"]
[SourceTitle "EXT 2016"]
[Source "ChessBase"]
[SourceDate "2015.10.08"]
[SourceVersion "1"]
[SourceVersionDate "2015.10.08"]
[SourceQuality "1"]

1. c4 c5 2. Nf3 e6 3. d4 d5 4. cxd5 exd5 5. Nc3 Nf6 6. g3 Nc6 7. Bg2 c4 8. 0-0 Be7 9. Ne5 Bf5 10. b3 cxb3 11. Qxb3 0-0 12. e3 Na5 13. Qb5 a6 14. Qe2 Ne4 15. Nxe4 dxe4 16. Qh5 Bg6 17. Nxg6 fxg6 18. Qg4 Bf6 19. Qxe4 Re8 20. Qd5+ Kh8 21. Bd2 Nc6 22. Qb3 Qc7 23. Rac1 Rab8 24. d5 Na5 25. Rxc7 Nxb3 26. axb3 Bd8 27. Rc4 b5 28. Rc2 a5 29. Rfc1 Bb6 30. Ra2 b4 31. Rc6 Rf8 32. Rac2 Kg8 33. Bc1 Kf7 34. Bb2 Ke7 35. Bxg7 Rf7 36. Be5 Rb7 37. d6+ Ke6 38. Rc8 Kxe5 39. Bxb7 Rxb7 40. R8c7 Rb8 41. Rxh7 Kxd6 42. Rg7 Ke5 43. Rxg6 Ke4 44. Rcc6 Bd8 45. Kf1 Kd5 46. Rgd6+ Ke5 47. Ra6 Bc7 48. Rdc6 Bd8 49. Rh6 Ke4 50. Ke2 Rc8 51. Rhc6 Rb8 52. h4 Kf5 53. h5 Rb7 54. Kf3 Rh7 55. g4+ Ke5 56. Re6+ Kd5 57. Red6+ Kc5 58. Rxd8 Kb5 59. Rda8 Rc7 60. Rxa5+ Kb6 61. Ra4 1-0

[Event "Central America-chT U18 Girls 4th"]
[Site "Armenia"]
[Date "2013.11.02"]
[Round "2"]
[White "Romero, Daniela"]
[Black "Figueroa Gonzalez, Karen Luvia"]
[Result "1-0"]
[WhiteElo "1894"]
[BlackElo "1766"]
[PlyCount "71"]
[EventDate "2013.11.01"]
[EventType "team"]
[EventRounds "7"]
[EventCountry "COL"]
[SourceTitle "EXT 2016"]
[Source "ChessBase"]
[SourceDate "2015.10.08"]
[SourceVersion "1"]
[SourceVersionDate "2015.10.08"]
[SourceQuality "1"]
[WhiteTeam "Colombia (W)"]
[BlackTeam "Guatemala (W)"]
[WhiteTeamCountry "COL"]
[BlackTeamCountry "GUA"]

1. e4 c5 2. Nc3 e6 3. d3 a6 4. g3 b5 5. a3 Bb7 6. Bg2 Qc7 7. Be3 d6 8. f4 Nf6 9. Nf3 Be7 10. 0-0 0-0 11. h3 Nc6 12. g4 Rad8 13. f5 Ne5 14. Nxe5 dxe5 15. g5 Nd7 16. Qg4 exf5 17. exf5 f6 18. gxf6 Bxf6 19. Ne4 Bxe4 20. Bxe4 c4 21. Bg5 Qc5+ 22. Kh2 cxd3 23. Bxd3 Qd6 24. Be4 Nc5 25. Bxf6 Qxf6 26. Rad1 Rxd1 27. Rxd1 Nxe4 28. Qxe4 Qxf5 29. Qxf5 Rxf5 30. Rd8+ Rf8 31. Rd6 Ra8 32. Re6 Rc8 33. c3 Rd8 34. Kg3 Rd2 35. Rxe5 Rxb2 36. Re8+ 1-0